El tiempo interior en San Agustín. Comparación con algunas Concepciones anteriores

Kaydedildi:
Detaylı Bibliyografya
Yazar: Trejos Marín, Susana
Materyal Türü: Kitap
Dil:Undetermined
Baskı/Yayın Bilgisi: San José, Costa Rica Escuela de Filosofía, Universidad de Costa Rica 1978
Konular:
Etiketler: Etiketle
Etiket eklenmemiş, İlk siz ekleyin!

MARC

LEADER 00000nam a2200000Ia 4500
008 170316s9999 xx 000 0 und d
040 |a cru BVZT 
090 |a TESIS 225 
100 |a Trejos Marín, Susana 
245 |a El tiempo interior en San Agustín. Comparación con algunas Concepciones anteriores 
260 |a San José, Costa Rica 
260 |b Escuela de Filosofía, Universidad de Costa Rica 
260 |c 1978 
300 |a 170 páginas 
650 |a LICENCIATURA EN FILOSOFÍA 
650 |a TRABAJO FINAL DE GRADUACIÓN 
999 |c 13839  |d 13839 
942 |c TFG  |h TESIS 225  |2 z